MDQL
is popping MORE tags! Check the
thread
!
Quizzes
Events
Quiz Creation
Community
Videos
Private Events
Remove Ads
Sign In
Join for FREE
Feedback
Dark Mode
Quiz Categories
Sports
Geography
Music
Movies
Television
Just For Fun
Miscellaneous
History
Literature
Language
Science
Gaming
Entertainment
Religion
Holiday
For Kids
Quiz Lab
Recent
Popular Today
Quiz Kudos Today
Editor Picks
Curator Picks
Quizzes by...
Day
Popularity
Type
Ratings
Length
Year
Community
Subscriptions
Recent Discussions
Orange Saloon
Badges
Playlists
Quests
Create
Leaderboards
Showdown
Live 5
Trivia Bingo
Activity
Puzzle Library
Sporcle Events
Private Events
Virtual Trivia
Globe League
Become a Host
Pub Owners
SporcleCon
Opinionation
Our Games
Videos
Blog
Mobile Apps
Partnerships
Remove Ads and Go Orange
Feedback
Sports
Athletes
MLB
NBA
NHL
NFL
Soccer
Sports Teams
WWE
NCAA
Football
Premier League
Basketball
Baseball
Hockey
Golf
Tennis
Cricket
Rugby
Auto Racing
Olympics
World Cup
Sports
Athletes
MLB
NBA
NHL
NFL
Soccer
Sports Teams
WWE
NCAA
Football
Premier League
Basketball
Baseball
Hockey
Golf
Tennis
Cricket
Rugby
Auto Racing
Olympics
World Cup
Random Quiz
Search Sporcle
×
Quiz Lab
Quiz Lab
Sports
Tennis
Type in answers that appear in a list
Type in answers that appear in a list
Classic
Best Score? Go Orange.
French Open Women's 4th Round 1990-1999 Stats
Can you name the women who reached the 4th Round of the French Open from 1990-1999?
By
tennisguy78
10m
160 Questions
160 Plays
160 Plays
160 Plays
Comments
Comments
Give Quiz Kudos
Give Quiz Kudos
-
- Ratings
hide this ad
Replay
Link that replays current quiz
Next Quiz
Link to next quiz in quiz playlist
You Got
0%
They Got
Avg Score
73%
Avg Friend Score
Upgrade to see
Score Distribution
Jump to the score distribution portion of the page
Score
0/160
Timer
10:00
0
Plays Today
Year
Player
% Correct
1990
Steffi Graf
99.4%
1991
Steffi Graf
99.4%
1992
Steffi Graf
99.4%
1993
Steffi Graf
99.4%
1994
Steffi Graf
99.4%
1995
Steffi Graf
99.4%
1996
Steffi Graf
99.4%
1997
Steffi Graf
99.4%
1999
Steffi Graf
99.4%
1990
Monica Seles
98.1%
1991
Monica Seles
98.1%
1992
Monica Seles
98.1%
1996
Monica Seles
98.1%
1997
Martina Hingis
98.1%
1997
Monica Seles
98.1%
1998
Martina Hingis
98.1%
1998
Monica Seles
98.1%
1999
Martina Hingis
98.1%
1999
Monica Seles
98.1%
1990
Conchita Martinez
97.5%
1991
Conchita Martinez
97.5%
1992
Conchita Martinez
97.5%
1993
Conchita Martinez
97.5%
1994
Conchita Martinez
97.5%
1995
Lindsay Davenport
97.5%
1995
Conchita Martinez
97.5%
1996
Conchita Martinez
97.5%
1996
Lindsay Davenport
97.5%
1997
Lindsay Davenport
97.5%
1997
Conchita Martinez
97.5%
1998
Conchita Martinez
97.5%
1998
Lindsay Davenport
97.5%
1999
Conchita Martinez
97.5%
1999
Lindsay Davenport
97.5%
1991
Arantxa Sanchez Vicario
95.6%
1992
Arantxa Sanchez Vicario
95.6%
1993
Arantxa Sanchez Vicario
95.6%
1994
Arantxa Sanchez Vicario
95.6%
1995
Arantxa Sanchez Vicario
95.6%
1996
Arantxa Sanchez Vicario
95.6%
1997
Arantxa Sanchez Vicario
95.6%
1998
Arantxa Sanchez Vicario
95.6%
1999
Arantxa Sanchez Vicario
95.6%
1990
Gabriela Sabatini
92.5%
1991
Gabriela Sabatini
92.5%
1992
Gabriela Sabatini
92.5%
1993
Gabriela Sabatini
92.5%
1995
Gabriela Sabatini
92.5%
1990
Jana Novotna
91.3%
1991
Jana Novotna
91.3%
1992
Mary Pierce
91.3%
1992
Jana Novotna
91.3%
1993
Mary Pierce
91.3%
1993
Jana Novotna
91.3%
Year
Player
% Correct
1994
Mary Pierce
91.3%
1995
Mary Pierce
91.3%
1996
Jana Novotna
91.3%
1997
Mary Pierce
91.3%
1998
Jana Novotna
91.3%
1999
Jana Novotna
91.3%
1990
Jennifer Capriati
90.6%
1991
Jennifer Capriati
90.6%
1992
Jennifer Capriati
90.6%
1993
Jennifer Capriati
90.6%
1999
Jennifer Capriati
90.6%
1991
Nathalie Tauziat
88.1%
1992
Nathalie Tauziat
88.1%
1990
Nathalie Tazuiat
87.5%
1993
Iva Majoli
87.5%
1993
Anke Huber
87.5%
1994
Iva Majoli
87.5%
1994
Anke Huber
87.5%
1995
Iva Majoli
87.5%
1995
Anke Huber
87.5%
1996
Iva Majoli
87.5%
1996
Anke Huber
87.5%
1997
Iva Majoli
87.5%
1998
Iva Majoli
87.5%
1992
Kimiko Date
86.9%
1994
Amanda Coetzer
86.9%
1995
Kimiko Date
86.9%
1996
Amanda Coetzer
86.9%
1996
Kimiko Date
86.9%
1997
Amanda Coetzer
86.9%
1998
Venus Williams
85%
1998
Serena Williams
85%
1999
Venus Williams
85%
1990
Katerina Maleeva
83.8%
1993
Magdalena Maleeva
83.8%
1993
Katerina Maleeva
83.8%
1996
Magdalena Maleeva
83.8%
1990
Manuela Maleeva
83.1%
1990
Mary Joe Fernandez
81.3%
1991
Mary Joe Fernandez
81.3%
1993
Mary Joe Fernandez
81.3%
1996
Mary Joe Fernandez
81.3%
1997
Mary Joe Fernandez
81.3%
1999
Mary Joe Fernandez
81.3%
1998
Anna Kournikova
80%
1999
Anna Kournikova
80%
1990
Natalia Zvereva
78.1%
1992
Natalia Zvereva
78.1%
1993
Natalia Zvereva
78.1%
1994
Natalia Zvereva
78.1%
1997
Natalia Zvereva
78.1%
1998
Sandrine Testud
73.8%
1994
Irina Spirlea
70.6%
1996
Irina Spirlea
70.6%
Year
Player
% Correct
1997
Irina Spirlea
70.6%
1998
Patty Schnyder
70.6%
1995
Ai Sugiyama
68.8%
1995
Chanda Rubin
68.8%
1998
Chanda Rubin
68.8%
1999
Julie Halard-Decugis
63.8%
1994
Julie Halard
62.5%
1995
Anna Smashnova
58.8%
1998
Anna Smashnova
58.8%
1993
Brenda Schultz
55.6%
1993
Ruxandra Dragomir
53.8%
1994
Ruxandra Dragomir
53.8%
1995
Ruxandra Dragomir
53.8%
1997
Ruxandra Dragomir
53.8%
1999
Ruxandra Dragomir
53.8%
1991
Sabine Appelmans
45%
1998
Magui Serna
45%
1991
Naoko Sawamatsu
43.1%
1995
Virginia Ruano Pascual
42.5%
1997
Barbara Paulus
41.3%
1997
Lisa Raymond
41.3%
1993
Judith Wiesner
40.6%
1996
Karina Habsudova
37.5%
1998
Henrieta Nagyova
37.5%
1991
Leila Meskhi
35%
1992
Leila Meskhi
35%
1999
Barbara Schwartz
33.8%
1990
Nicole Provis
32.5%
1996
Barbara Rittner
31.9%
1992
Patricia Hy
31.3%
1991
Sandra Cecchini
30%
1992
Sabine Hack
28.1%
1994
Ines Gorrochategui
28.1%
1994
Sabine Hack
28.1%
1996
Gala Leon Garcia
25%
1999
Gala Leon Garcia
25%
1990
Laura Gildemeister
24.4%
1999
Sylvia Plischke
24.4%
1994
Petra Ritter
23.8%
1994
Alexia Dechaume-Balleret
22.5%
1991
Rachel McQuillan
21.3%
1990
Ann Grossman
20%
1990
Mercedes Paz
16.9%
1992
Manon Bollegraf
16.3%
1995
Adriana Serra Zanetti
15.6%
1991
Elna Reinach
15%
1995
Kyoko Nagatsuka
13.8%
1997
Nicole Arendt
13.8%
1990
Wiltrud Probst
13.1%
1992
Akiko Kijimuta
10%
1994
Shaun Stafford
10%
1991
Tami Whitlinger
6.3%
Quiz Playlist
Details
Report
Send in Message
Add To Playlist
Classic:
Type in answers that appear in a list
Quiz Source
Last Updated: Feb 16, 2017
Quiz Scoreboard
CHALLENGE
Sign Up to Join the Scoreboard
Show All
Scores
Hide
Comments
May contain spoilers
Recently Published
Two Season TV Shows II
by 123Four
Television
10m
Image Sorting: Flags VI
by Barbecue
Geography
2m
Find the 'City' Movie
by crazypaving
Movies
60s
More to Explore
Quiz From the Vault
Featured Blog Post
14 Easter Pick-up Lines to Find Eggs With
hide this ad
You Might Also Like...
Tags
Tennis Quiz
1990s
4th
French Open
Grand Slam
open
round
Women's Tennis
Today's Top Quizzes in Sports
Browse Sports
hide this ad
Today's Top Quizzes in Tennis
Browse Tennis
Top Contributed Quizzes in Sports
1
Les meilleurs buteurs des matchs entre le PSG et l’OM
2
Les entraîneurs de l'OM et du PSG au 21e siècle
3
2022 World Cup Stars
4
Les joueurs passés par le PSG et l'OM
5
Players with Multiple 50 Home Run Seasons
6
Criteria MLB: Left Handed Sluggers
7
FIFA Club World Cup Champions
8
Les joueurs passés par le LOSC et le RC Lens
9
NBA Logic Puzzle 2.0
10
Top 10 NHL Goal Scorers of All Time
Explore More
Trending Topics
Kpop
Anime
Disney
Marvel
NBA
Harry Potter
Crossword
Pokémon
Country
NFL
Soccer
The Office
WWE
Song
Puzzle
hide this ad
More By:
tennisguy78
Quiz
Plays
Rating
Category
Featured
Created
Road to the Grand Slam title: Men 2010-2019
4,078
4.94
Sports
Apr 9, 2015
Road to the Grand Slam title: Women 2010-2019
2,778
5.00
Sports
Apr 11, 2015
College Football Bowl Teams 2016-2018
2,258
4.80
Sports
Jul 22, 2019
College Football Bowl Teams 2013-2015
370
Sports
Dec 19, 2015
College Football Bowl Teams 1980-1984
366
5.00
Sports
Dec 19, 2015
Go to Creator's Profile
Score Distribution
Quiz Creator Spotlight
tennisguy78
Follow
Send a Message
Quizzes Created
-
Created Quiz Play Count
-
More By This Creator
Popular Quizzes Today
1
Colored Red Africa Blitz
2
Find the US States - No Outlines Minefield
3
Find the 'City' Movie
4
5x2 Blitz: Bands
5
The Countries of the World
6
Find the US States
7
Find the Countries of Europe - No Outlines Minefield
8
US States
More Sports Quizzes
Premier League on First Name Terms
Quiz Lab
Trending Quizzes
Colored Red Europe Blitz I
Colored Red Africa Blitz II
Colored Red Europe Blitz II
Colored Red Africa Blitz III
Colored Red Europe Blitz III
Recently Updated
How Do You Spell That?
pecheneg
Godzilla Movies
pecheneg
Grab Bag: 4-10 Letters
pecheneg
2024 March Madness Bracket
pecheneg
Famous TV Couples
Peacemaker
Champions League XIs: Real Madrid
pecheneg
Largest US Cities 1790-2010
pecheneg
Rides in Walt Disney World
pecheneg
Most Oscar Losses (Acting)
pecheneg
Beyoncé Albums
pecheneg
Trending Topics
Kpop
Harry Potter
Anime
Marvel
Crossword
Disney
NBA
Country
Puzzle
WWE
NFL
Soccer
Song
The Office
Pokémon
Your Account Isn't Verified!
In order to create a playlist on Sporcle, you need to verify the email address you used during registration. Go to your
Sporcle Settings
to finish the process.
Report this User
Report this user for behavior that violates our
Community Guidelines
.
Details:
Send Report
Go to the Sporcle.com Mobile Site →
Comments